| 000 | 00490nam a2200169Ia 4500 | ||
|---|---|---|---|
| 008 | 240729s9999 xx 000 0 und d | ||
| 022 | _a2614-1787 | ||
| 245 | 0 | _aJurnal Ilmiah Flash | |
| 260 | _aIndonesia | ||
| 260 | _bPoliteknik Negeri Kupang | ||
| 650 | _a Electrical engineering. Electronics. Nuclear engineering | ||
| 650 | _a Electronics | ||
| 650 | _aScience | Technology | ||
| 856 | _uhttps://doaj.org/toc/b198cb8702c44edc99ddfd9814f4231f | ||
| 942 | _2ddc | ||
| 942 | _cDOAJEJ | ||
| 999 |
_c72442 _d72442 |
||
| 945 |
_a1 _bMadushi Gamage _c1 _dMadushi Gamage |
||